| 000 | 00486nam a2200181Ia 4500 | ||
|---|---|---|---|
| 005 | 20250508154515.0 | ||
| 008 | 008 250505s9999 xx 000 0 eng d | ||
| 037 | _aBooks to be hide in OPAC | ||
| 040 |
_aFEDL _beng _cFEDL |
||
| 041 |
_aeng _2eng |
||
| 084 | _qFEDL | ||
| 245 | 0 | _aDewey decimal classification and relative index. Vol 1 | |
| 250 | _a17th | ||
| 260 |
_aNew York, USA _bLake Placid Club _c1965 |
||
| 300 | _aix,1254p. | ||
| 942 | _cHB | ||
| 999 |
_c1350653 _d1350653 |
||